Den gula treskillingen (Record no. 1784)

000 -LEADER
fixed length control field 00684nam a22000977a 4500
008 - FIXED-LENGTH DATA ELEMENTS--GENERAL INFORMATION
fixed length control field 160217b xxu||||| |||| 00| 0 eng d
100 ## - MAIN ENTRY--AUTHOR'S NAME
Author's Name Ahman, Sven
245 ## - TITLE STATEMENT
Title Den gula treskillingen
260 ## - PUBLICATION, DISTRIBUTION, ETC. (IMPRINT)
Place of publication, distribution, etc. Malmo, [Sweden]
Name of publisher, distributor, etc. R.M. Skogs Forlag AB
Date of publication, distribution, etc. 1975
650 ## - TOPICAL TERM (Tag)
Topical term or geographic name Sweden | 1855 | 19th Century | Production | Errors and Varieties | Color | Printing | Yellow Three Skilling Banco Issue | 3 Skilling Banco Issue | First Issues | Classic Issues | Definitive Issues | Rare Issues and Covers | Famous Stamps and Collections | Collections | Stamps -- Histories | Philately -- History | Collectors | Collecting -- Identification | Expertizing | Experts | 8 Skilling Banco Issue | Eight Skilling Banco Issue
Holdings
Withdrawn status Lost status Source of classification or shelving scheme Damaged status Koha normalized classification for sorting Not for loan Permanent Location Current Location Date acquired Total Checkouts Full call number Barcode Date last seen Copy number Price effective from
        G6951 E72 A286   Northern Philatelic Library Northern Philatelic Library 02/17/2016   G6951 .E72 A286 1002034 02/17/2016 1 02/17/2016

Powered by Koha